LEADER 00984nam0 2200301 450 001 000019178 005 20081112095746.0 010 $a88-420-4777-5 100 $a20081112d1995----km-y0itay50------ba 101 0 $aita 102 $aIT 105 $ay-------001yy 200 1 $aConsumo e difesa dei consumatori$eun'analisi economica$fMarco Gambaro 210 $aRoma$aBari$cLaterza$d1995 215 $a168 p.$d24 cm 225 2 $aMisure 300 $aIn appendice: Schede sulle principali associazioni operanti in Italia. 410 0$12001$aMisure 500 10$aConsumo e difesa dei consumatori$932374 610 1 $aConsumatori$aTutela 610 1 $aConsumo$aAnalisi economica 676 $a381.34$v20$9Politica commerciale. Protezione del consumatore 700 1$aGambaro,$bMarco$033143 801 0$aIT$bUNIPARTHENOPE$c20081112$gRICA$2UNIMARC 912 $a000019178 951 $a921/18$b8008$cNAVA2 996 $aConsumo e difesa dei consumatori$932374 997 $aUNIPARTHENOPE